书目信息 |
| 题名: |
湖泊学
|
|
| 作者: | 李小平 编 | |
| 分册: | ||
| 出版信息: | 北京 科学出版社 2013.01 |
|
| 页数: | 340页 | |
| 开本: | 26cm | |
| 丛书名: | 高等教育创新系列丛书 | |
| 单 册: | ||
| 中图分类: | P343.3 | |
| 科图分类: | ||
| 主题词: | 湖泊学 | |
| 电子资源: | ||
| ISBN: | 978-7-03-035809-7 | |
| 000 | 01510nam0 2200253 45 | |
| 001 | 1355402764 | |
| 005 | 20130513144142.65 | |
| 010 | @a978-7-03-035809-7@b精装@dCNY128.00 | |
| 100 | @a20130108d2013 ekmy0chiy0121 ea | |
| 101 | 0 | @achi |
| 102 | @aCN@b110000 | |
| 105 | @ay z 000yy | |
| 106 | @ar | |
| 200 | 1 | @a湖泊学@AHu Bo Xue@f李小平编@FLi Xiao Ping Bian |
| 210 | @a北京@c科学出版社@d2013.01 | |
| 215 | @a340页@d26cm | |
| 225 | 2 | @a高等教育创新系列丛书 |
| 330 | @a湖泊富营养化和蓝藻水华已经成为我国水环境的一个主要问题。本书从湖泊学/生态学的原理出发,分五个部分论述:第一部分:湖泊及其生态系统结构,共两章,主要包括湖泊的起源,湖泊水生生态结构,和富营养化问题的产生;第二部分:湖泊的特性共九章,包括湖泊的物理特性(水,热,光以及它们的变化对水运动的影响),化学特性(营养物质),和生物学特性(各营养级和食物链),讨论湖泊的生物地球化学过程,湖泊生态系统各组分的变化和互相作用;第三部分:湖泊周边水域共两章,包括湖泊周边的入湖河流及其流域,湿地和河口,以及它们与湖泊的相互影响;第四部分:湖泊学分支共两章,主要讨论湖泊学的四个重要分支和研究内容,古湖泊学和比较湖泊学反演和比较不同区域湖泊的发生和发展过程,实验湖泊学讨论湖泊调查和实验方法,应用湖泊学强调运用湖泊学原理管理湖泊;第五部分:湖泊管理共两章,主要讨论湖泊水质管理,富营养化和藻类水华控制等问题,并给出湖泊生态修复/恢复的主要技术路线和方法。 | |
| 461 | 0 | @12001 @a高等教育创新系列丛书 |
| 606 | 0 | @a湖泊学 |
| 690 | @aP343.3@v5 | |
| 701 | 0 | @a李小平@ALi Xiao Ping@4编 |
| 801 | @aCN@bTANGWEI@c20130111 | |
| 905 | @b0831025-27@dP343.3@e102@f3 | |
| 湖泊学/李小平编.-北京:科学出版社,2013.01 |
| 340页;26cm.-(高等教育创新系列丛书) |
| ISBN 978-7-03-035809-7(精装):CNY128.00 |
| 湖泊富营养化和蓝藻水华已经成为我国水环境的一个主要问题。本书从湖泊学/生态学的原理出发,分五个部分论述:第一部分:湖泊及其生态系统结构,共两章,主要包括湖泊的起源,湖泊水生生态结构,和富营养化问题的产生;第二部分:湖泊的特性共九章,包括湖泊的物理特性(水,热,光以及它们的变化对水运动的影响),化学特性(营养物质),和生物学特性(各营养级和食物链),讨论湖泊的生物地球化学过程,湖泊生态系统各组分的变化和互相作用;第三部分:湖泊周边水域共两章,包括湖泊周边的入湖河流及其流域,湿地和河口,以及它们与湖泊的相互影响;第四部分:湖泊学分支共两章,主要讨论湖泊学的四个重要分支和研究内容,古湖泊学和比较湖泊学反演和比较不同区域湖泊的发生和发展过程,实验湖泊学讨论湖泊调查和实验方法,应用湖泊学强调运用湖泊学原理管理湖泊;第五部分:湖泊管理共两章,主要讨论湖泊水质管理,富营养化和藻类水华控制等问题,并给出湖泊生态修复/恢复的主要技术路线和方法。 |
| ● |
| 相关链接 |
|
|
|
|
正题名:湖泊学
索取号:P343.3/102
 
预约/预借
| 序号 | 登录号 | 条形码 | 馆藏地/架位号 | 状态 | 备注 |
| 1 | 0831025 | 208310255 | 第二样本阅览室/ [索取号:P343.3/102] | 在馆 | |
| 2 | 0831026 | 208310264 | 第三借阅区/ [索取号:P343.3/102] | 在馆 | |
| 3 | 0831027 | 208310273 | 第三借阅区/ [索取号:P343.3/102] | 在馆 |